Agriculture in the tropics (Record no. 21137)

MARC details
000 -LEADER
fixed length control field 00335nam a2200133Ia 4500
082 ## - DEWEY DECIMAL CLASSIFICATION NUMBER
Classification number 631(213.5)
Item number WEB
100 ## - MAIN ENTRY--AUTHOR NAME
Personal name WEBSTER, C C
245 #0 - TITLE STATEMENT
Title Agriculture in the tropics
260 ## - PUBLICATION, DISTRIBUTION, ETC. (IMPRINT)
Place of publication London
Name of publisher Longman
Year of publication 1966
650 ## - SUBJECT ADDED ENTRY--TOPICAL TERM
Topical Term Tropical agriculture
700 ## - ADDED ENTRY--PERSONAL NAME
Personal name WILSON, P N
942 ## - ADDED ENTRY ELEMENTS (KOHA)
Koha item type Books
Holdings
Withdrawn status Lost status Damaged status Not for loan Home library Current library Date acquired Full call number Accession Number Koha item type
        RRII Library RRII Library 16/12/2021 631(213.5) WEB 01857 Books